000 00459nam a2200181Ia 4500
008 131103s9999 xx 000 0 und d
020 _cRs.4
040 _aLoreto College
041 _aEnglish
082 _a570/MEN
_bLCBED/3191
100 _aMendonza, E
245 _aLearning science by stages
_cE Mendonza
260 _aDelhi
_bCambridge
_c1966
300 _a159p.
_b ills.
_c 24cm.
650 _aLife Science
850 _aLCBED/570/MEN
942 _cBK
999 _c28231
_d78710